| 000 | 00781cam a2200253 a 4500 | ||
|---|---|---|---|
| 001 | 000015048 | ||
| 005 | 20240514073717.0 | ||
| 008 | 901024s1957 sp 001 0 spa d | ||
| 040 |
_aDO-SdBNP _cDLC _dDLC _dBNPHU |
||
| 082 |
_a241 _bR892t |
||
| 100 | 1 |
_aRoyo Marín, Antonio, _934059 |
|
| 245 | 1 | 0 |
_aTeología moral para seglares / _cFr. Antonio Royo Marín. |
| 260 |
_aMadrid, _c1957-. |
||
| 300 |
_av p. ; _c20 cm. |
||
| 490 | 1 |
_aBiblioteca de Autores Cristianos _v166 |
|
| 505 | 0 | _at.1 Moral fundamental y especial-- | |
| 500 | _aLa biblioteca posee el tomo 1 | ||
| 500 | _aIncluye índice | ||
| 650 | 4 |
_aÉtica cristiana _9389 |
|
| 650 | 0 |
_aÉtica _9509 |
|
| 830 | 0 |
_aBiblioteca de Autores Cristianos ; _v166 _94245 |
|
| 910 | _aCatalogación derivada | ||
| 049 | _aBNGR | ||
| 999 |
_c14621 _d14621 |
||